Modern competitive analysis / (Record no. 11838)

000 -LEADER
fixed length control field 00435nam a22001577a 4500
008 - FIXED-LENGTH DATA ELEMENTS--GENERAL INFORMATION
fixed length control field 210112b ||||| |||| 00| 0 eng d
020 ## - INTERNATIONAL STANDARD BOOK NUMBER
International Standard Book Number 019507579x
082 00 - DEWEY DECIMAL CLASSIFICATION NUMBER
Classification number 658.4
Item number O852
100 ## - MAIN ENTRY--PERSONAL NAME
9 (RLIN) 4131
Personal name Oster, Sharon M.
245 10 - TITLE STATEMENT
Title Modern competitive analysis /
250 ## - EDITION STATEMENT
Edition statement 2nd ed.
260 ## - PUBLICATION, DISTRIBUTION, ETC. (IMPRINT)
Place of publication, distribution, etc New-York:
Name of publisher, distributor, etc Oxford University Press.,
Date of publication, distribution, etc 1994.
300 ## - PHYSICAL DESCRIPTION
Extent ix, 411 p.
650 #0 - SUBJECT ADDED ENTRY--TOPICAL TERM
Topical term or geographic name as entry element Strategic Planning
942 ## - ADDED ENTRY ELEMENTS (KOHA)
Item type Books
Holdings
Withdrawn status Lost status Source of classification or shelving scheme Damaged status Not for loan Permanent location Current location Date acquired Full call number Barcode Date last seen Koha item type
          IMU Kolkata IMU Kolkata 2021-01-12 658.4 O852 08360 2021-01-12 Books
Designed and Maintained by IMU-KC Library, Kolkata Campus © Copyright All Rights Reserved

webs counters

Powered by Koha